Načítá se...

Trends and issues in secondary education

Podrobná bibliografie
Hlavní autor: Douglass
Médium: Printed Book
Jazyk:English
Témata:
LEADER 00358nam a2200109Ia 4500
008 101008s9999 xx 000 0 eng d
100 |a Douglass 
245 |a Trends and issues in secondary education 
650 |a Education 
942 |c BK 
999 |c 178757  |d 178757 
952 |0 0  |1 0  |4 0  |7 0  |9 198049  |a EDU  |b EDU  |c ST1  |d 2010-10-20  |i 110  |l 2  |m 2  |p EDU110  |r 2019-11-28  |s 2019-10-10  |w 2018-08-29  |y BK